Взламывая стереотипы: 9 стратегий креативного гения: пер. с англ.

Bibliographische Detailangaben
1. Verfasser: Микалко М. Майкл
Zusammenfassung:Как думают гении? Как рождаются великие открытия и бессмертные произведения? Автор предлагает девять уникальных стратегий, которые позволят любому человеку развить нестандартное «вертикальное мышление»! Знать, как смотреть. Делать мысли видимыми. Думать бегло. Создавать оригинальные комбинации. Соединять несоединимое. Смотреть с другой стороны. Видеть другие миры. Находить то, что не искал. Пробуждать дух сотрудничества. Эти девять стратегий помогут вам максимально использовать потенциал мозга и собственное подсознание. Вы сможете находить новые способы делать деньги и карьеру, превращать проблемы в возможности, действовать более продуктивно, побеждать конкурентов и создавать новые технологии. Вам обеспечен невероятный творческий подъем, немыслимое количество новых идей и настоящий прорыв в будущее!
Sprache:Russisch
Veröffentlicht: СПб., Питер, 2009
Schriftenreihe:Сам себе психолог
Schlagworte:
Format: MixedMaterials Buch
KOHA link:https://koha.lib.tpu.ru/cgi-bin/koha/opac-detail.pl?biblionumber=157914

MARC

LEADER 00000nam0a2200000 4500
001 157914
005 20231101222011.0
010 |a 9785388000460  |b (в пер.)  |b 4000 экз. 
021 |a RU  |b 09-25893  |9 09-1538 
035 |a (RuTPU)RU\TPU\book\171286 
090 |a 157914 
100 |a 20090427d2009 m u0rusy5002 ca 
101 1 |a rus  |c eng 
102 |a RU 
105 |a a z 000yy 
200 1 |a Взламывая стереотипы: 9 стратегий креативного гения  |e пер. с англ.  |f М. Микалко 
210 |a СПб.  |c Питер  |d 2009 
215 |a 352 с.  |c ил.  |d 21 см. 
225 1 |a Сам себе психолог 
318 |5 63413507  |a Навыки XXI века  |b выставка 
330 |a Как думают гении? Как рождаются великие открытия и бессмертные произведения? Автор предлагает девять уникальных стратегий, которые позволят любому человеку развить нестандартное «вертикальное мышление»! Знать, как смотреть. Делать мысли видимыми. Думать бегло. Создавать оригинальные комбинации. Соединять несоединимое. Смотреть с другой стороны. Видеть другие миры. Находить то, что не искал. Пробуждать дух сотрудничества. Эти девять стратегий помогут вам максимально использовать потенциал мозга и собственное подсознание. Вы сможете находить новые способы делать деньги и карьеру, превращать проблемы в возможности, действовать более продуктивно, побеждать конкурентов и создавать новые технологии. Вам обеспечен невероятный творческий подъем, немыслимое количество новых идей и настоящий прорыв в будущее! 
606 1 |a Креативность  |x Психология  |2 stltpush  |3 (RuTPU)RU\TPU\subj\68283  |9 83711 
610 1 |a мышление 
610 1 |a творчество 
610 1 |a гениальность 
610 1 |a креативное мышление 
610 1 |a стереотипы 
610 1 |a технологии 
610 1 |a мозговой штурм 
610 1 |a стратегии 
610 1 |a ум 
610 1 |a фантазия 
686 |a Ю945  |v LBC/SL-A  |2 rubbk 
700 1 |a Микалко  |b М.  |g Майкл  |4 070 
801 1 |a RU  |b 63413507  |c 20090415  |g PSBO 
801 2 |a RU  |b 63413507  |c 20120405  |g PSBO 
942 |c BK 
959 |a 49/20090413  |d 1  |e 120,00  |f ЧЗГЛ:1